000 00207nam a2200085Ia 4500
082 _a582.1309687 MAS
245 0 _aWestern Cape sandveld flowers
942 _cBK
008 210817s9999 xx 000 0 und d
999 _c282990
_d282988